| 000 | 00000nas##2200000za#4500 |
|---|---|
| 001 | 9.514050 |
| 003 | CaOODSP |
| 005 | 20250509081808 |
| 007 | co ||||||||||| |
| 008 | 150406c1996||||xxc|| m q||||f| |0fre|d |
| 040 | |aCaOODSP|bfre |
| 043 | |an-cn--- |
| 086 | 1 |aM48F-MRC |
| 110 | 2 |aCommission géologique du Canada. |
| 245 | 10|aCarte série "A" |h[ressource électronique] |
| 260 | |aOttawa - Ontario : |bRessources naturelles Canada. |
| 310 | |aIrrégulier |
| 776 | 0#|tCarte série "A" |w(CaOODSP)9.513396 |